Statistics for US Cities Larger than Vermont

Click here to take the quiz!

General Stats

  • This quiz has been taken 34 times
  • The average score is 27 of 28

Answer Stats

StatePopulationCity% Correct
Texas964,524Austin
100%
Illinois2,705,994Chicago
100%
Texas1,345,047Dallas
100%
Colorado716,492Denver
100%
Michigan672,662Detroit
100%
Texas2,325,502Houston
100%
Florida903,889Jacksonville
100%
Nevada644,644Las Vegas
100%
California3,990,456Los Angeles
100%
New York8,398,748New York City
100%
Oklahoma648,021Oklahoma City
100%
Pennsylvania1,584,138Philadelphia
100%
Arizona1,660,272Phoenix
100%
Oregon653,115Portland
100%
California1,425,976San Diego
100%
District of Columbia702,455Washington DC
100%
Massachusetts694,583Boston
96%
North Carolina872,498Charlotte
96%
Ohio892,533Columbus
96%
Indiana867,125Indianapolis
96%
Tennessee650,618Memphis
96%
Tennessee669,053Nashville
96%
Texas1,532,233San Antonio
96%
California883,305San Francisco
96%
Washington744,955Seattle
96%
Texas682,669El Paso
89%
Texas895,008Fort Worth
89%
California1,030,119San Jose
85%

Score Distribution

Percentile by Number Answered

Percent of People with Each Score

Your Score History

You have not taken this quiz